Nghiên cứu đất phân: T3

Uloženo v:
Podrobná bibliografie
Médium: Kniha
Jazyk:Undetermined
Vydáno: Hà Nội Khoa học 1972
Témata:
Tagy: Přidat tag
Žádné tagy, Buďte první, kdo otaguje tento záznam!
Thư viện lưu trữ: Trung tâm Học liệu Trường Đại học Cần Thơ
LEADER 00396nam a2200145Ia 4500
001 CTU_12424
008 210402s9999 xx 000 0 und d
082 |a 631.4 
082 |b Ngh305/T3 
245 0 |a Nghiên cứu đất phân: T3 
260 |a Hà Nội 
260 |b Khoa học 
260 |c 1972 
650 |a fertilizers,soils 
980 |a Trung tâm Học liệu Trường Đại học Cần Thơ